Statistics for Solve the Secret Country

Click here to take the quiz!

General Stats

  • This quiz has been taken 6,633 times
    (869 since last reset)
  • The average score is 15 of 27

Answer Stats

ScrambleCountry% Correct
ABCUCuba
100%
AIRSYSyria
97%
CEHILChile
96%
ANRUUNauru
88%
AAILMOSSomalia
88%
AAMOSSamoa
87%
ADEKMNRDenmark
72%
ADHNORSUHonduras
68%
AEIMNTVVietnam
65%
BEINRUBrunei
63%
AAGLNOAngola
62%
ABBEIMWZZimbabwe
60%
AABNOSTWBotswana
60%
ABEIRSSerbia
51%
AAGNUYGuyana
50%
AAEGINNRTArgentina
49%
ACDEILNIceland
46%
ABELRSUBelarus
42%
AABIIMNNamibia
41%
AADEGNRGrenada
41%
AANTUUVVanuatu
39%
ABIIIKRTKiribati
36%
EEGMNNOORTMontenegro
34%
AEILRSIsrael
32%
AABDEGHLNSBangladesh
32%
CEEEHIILNNSTTLiechtenstein
25%
Secret CountrySURINAME
25%

Score Distribution

Percentile by Number Answered

Percent of People with Each Score

Your Score History

You have not taken this quiz since the last reset